000 00368nam a2200145 i 4500
001 bg
100 1 _aJURKIEWICZ, Zbigniew
245 0 _aJęzyk programowania LISP /
_cZbigniew Jurkiewicz, Jerzy Marek Lao.
260 _aWarszawa,
_c1990.
700 1 _aLAO, Jerzy Marek
040 _cBPK
041 _apol
942 _cKS
008 s pl f |000 0 pol
999 _c29092
_d29092
856 _uhttp://koha.tu.koszalin.pl/cgi-bin/koha/opac-detail.pl?biblionumber=29092
_yKatalog online BPK